Statistiques concernant quiz de sélection de tuiles coupe du monde 2018

Cliquez ici pour prendre le quiz!

Statistiques générales

  • Ce quiz a été pris 173 fois
  • Le résultat moyen est 55 sur 72

Statistiques - réponses

QuestionTuileSelect% Correct
équipes contre lesquelles la France a jouéPanamaNon
99%
Les pays asiatiques dans la coupe du monde 2018TaiwanNon
99%
Les pays asiatiques dans la coupe du monde 2018JaponOui
98%
équipes contre lesquelles la France a jouéBresilNon
97%
Les pays asiatiques dans la coupe du monde 2018Coree du NordNon
97%
Les pays asiatiques dans la coupe du monde 2018IndeNon
97%
Les pays asiatiques dans la coupe du monde 2018IrakNon
97%
Les pays asiatiques dans la coupe du monde 2018IsraelNon
97%
Les pays asiatiques dans la coupe du monde 2018ChineNon
95%
équipes contre lesquelles la France a jouéCroatieOui
95%
Les pays asiatiques dans la coupe du monde 2018Émirats Arabes UnisNon
95%
Équipes qui ont marqué au moins 4 buts en un matchFranceOui
95%
Équipes qui ont marqué au moins 4 buts en un matchPologneNon
95%
équipes contre lesquelles la France a jouéPortugalNon
95%
équipes contre lesquelles la France a jouéAnglettereNon
94%
équipes contre lesquelles la France a jouéArgentineOui
94%
équipes contre lesquelles la France a jouéBelgiqueOui
94%
équipes contre lesquelles la France a jouéSuisseNon
94%
Équipes qui ont marqué au moins 4 buts en un matchColombieNon
93%
LauréatsKasper SchmeichelNon
93%
Les pays asiatiques dans la coupe du monde 2018QatarNon
93%
Les pays asiatiques dans la coupe du monde 2018Coree du SudOui
92%
Équipes qui ont marqué au moins 4 buts en un matchSuisseNon
92%
équipes contre lesquelles la France a jouéDanemarkOui
91%
Les footballeurs qui ont marqué plus de 3 butsKylian MbappeOui
91%
Les pays asiatiques dans la coupe du monde 2018IranOui
90%
LauréatsNeymarNon
90%
Hauts de forme de groupeFranceOui
89%
équipes contre lesquelles la France a jouéPerouOui
89%
équipes contre lesquelles la France a jouéUruguayOui
87%
équipes contre lesquelles la France a jouéAustralieOui
86%
LauréatsCristiano RonaldoNon
86%
Équipes qui ont marqué au moins 4 buts en un matchUruguayNon
86%
Équipes qui ont marqué au moins 4 buts en un matchEspagneNon
85%
LauréatsKylian MbappeOui
85%
Les footballeurs qui ont marqué plus de 3 butsAntoine GriezmannOui
84%
LauréatsLionel MessiNon
84%
Équipes qui ont marqué au moins 4 buts en un matchPortugalNon
84%
Les pays asiatiques dans la coupe du monde 2018Arabie SaouditeOui
80%
Hauts de forme de groupeBelgiqueOui
80%
Les footballeurs qui ont marqué plus de 3 butsHarry KaneOui
80%
Hauts de forme de groupeMexiqueNon
78%
Les footballeurs qui ont marqué plus de 3 butsNeymarNon
78%
Les footballeurs qui ont marqué plus de 3 butsCristiano RonaldoOui
76%
Les footballeurs qui ont marqué plus de 3 butsEdinson CavaniNon
75%
Hauts de forme de groupeArgentineNon
71%
Équipes qui ont marqué au moins 4 buts en un matchCroatieNon
71%
LauréatsLuka ModricOui
71%
Hauts de forme de groupeBresilOui
69%
Équipes qui ont marqué au moins 4 buts en un matchBresilNon
69%
Les footballeurs qui ont marqué plus de 3 butsRomelu LukakuOui
69%
Équipes qui ont marqué au moins 4 buts en un matchBelgiqueOui
66%
Les footballeurs qui ont marqué plus de 3 butsEden HazardNon
66%
Hauts de forme de groupePortugalNon
66%
Les footballeurs qui ont marqué plus de 3 butsIvan PerisicNon
65%
LauréatsPaul PogbaNon
65%
LauréatsThibaut CourtoisOui
64%
Hauts de forme de groupeCroatieOui
61%
Les footballeurs qui ont marqué plus de 3 butsLuka ModricNon
61%
Équipes qui ont marqué au moins 4 buts en un matchAnglettereOui
59%
Équipes qui ont marqué au moins 4 buts en un matchRussieOui
59%
Les footballeurs qui ont marqué plus de 3 butsLionel MessiNon
58%
Hauts de forme de groupeEspagneOui
56%
Hauts de forme de groupeAnglettereNon
52%
LauréatsAntoine GriezmannOui
42%
LauréatsHarry KaneOui
42%
Les footballeurs qui ont marqué plus de 3 butsDenis CheryshevOui
39%
Hauts de forme de groupeUruguayOui
39%
Hauts de forme de groupeColombieOui
24%
Hauts de forme de groupeSuedeOui
24%
LauréatsEden HazardOui
12%
LauréatsRomelu LukakuOui
10%

Distribution des résultats

Percentile par nombre de réponses

% des personnes avec chaque résultat

Votre développement - résultats

Vous n’avez pas pris ce quiz